1746 1347 1968 1874 1247 1838 1543 1267 1556 1471 1236 1503 1194 1482 1773 1394 1640 1578 1260 1054 1238 1300 1287 1087 1010 1907 1693 1932 1944 1797 1629 1235 1934 1876 1264 1702 1823 1283 1569 1954 1930 1827 1270 1511 1172 1931 1499 1069 1979 1626 1875 1745 1329 1808 1399 1479 1622 1953 1064 1105 1771 1038 1201 1703 1052 1422 1656 1625 1195 1885 1194 1924 1669 1708 1339 1971 1850 1381 1116 1231 1412 1096 1822 1053 1154 1612 1301 1164 1412 1704 1687 1862 1683 1588 1326 1968 1474 1806 1786 BCNSPRNW ULIB Ver.6.0+V

เปลี่ยนเป็นภาษาไทย

Change to English
 แสดงรายละเอียดบรรณานุกรม
  กลับหน้าหลัก

Brief Record : Get Marc (ISO 2709) : E-mail record : QR code < ปิดหน้าต่าง
LEADER : 00000nam 2200000uu 4500
001    13399127395
003     ULIB
008    200519s2018||||th 000 0 tha d
020    ^a9781506258812
020    ^a9781506258829&^8225;c1,570 (set)
050 04 ^aPE1128^bL633B
100 1  ^aLougheed, Lin
245 10 ^aBarron s TOEIC practice exams /^cLin Lougheed
246 30 ^aTOEIC practice exams
250    ^a4th ed.
260    ^aNew York :^bBarron s,^c2018
300    ^aiii, 455 p. :^bill ;^c28 cm.
490 0  ^aBarron s the leader in test preparation
490 0  ^aTOEIC superpack
650  0 ^aTest of English for international communication^xStudy guides
650  0 ^aEnglish language^xExaminations^xStudy guides.
650  0 ^aEnglish language^xExaminations, questions, etc.
650  0 ^aEnglish language^xTextbooks for foreign speakers.
945    ^p444^l0^i007066
999    ^aประนอม เกษจรัล
รายการนี้ยังไม่มีแท็ก
คุณยังไม่ได้ล็อกอิน คุณสามารถมีกิจกรรมร่วมกับเว็บไซต์ได้ แต่ต้องล็อกอินก่อน ::
  ล็อกอิน

รายการสื่อสารสนเทศ

ลำดับที่ ประเภท เลขเรียก/บาร์โค้ด สถานที่ สถานะ
1. การศึกษาทั่วไป
หนังสือสำรอง
สถานะ=หนังสือสำรอง
PE1128 L633B ฉ.1 
  Barcode: 007066
ห้องสมุดวิทยาเขตสวรรค์ประชารักษ์
►หนังสือทั่วไป
บนชั้น

รายการใกล้เคียง
    ผู้แต่ง [Lougheed, Lin]

BibComment


ยังไม่เคยถูกคอมเมนท์

คอมเมนท์ทรัพยากรรายการนี้
  คอมเมนท์: Barron s TOEIC p..


 Copyright 2026. Bcnsprnw @Library